| 000 | 01669pam a2200385Ia 4500 | ||
|---|---|---|---|
| 001 | ebr10053331 | ||
| 003 | CaPaEBR | ||
| 006 | m u | ||
| 007 | cr cn||||||||| | ||
| 008 | 001219s2001 maua sb 001 0 eng d | ||
| 010 | _z 00054610 | ||
| 020 | _z0306475944 | ||
| 020 | _z0792378261 (alk. paper) | ||
| 040 |
_aCaPaEBR _cCaPaEBR |
||
| 035 | _a(OCoLC)70736540 | ||
| 050 | 1 | 4 |
_aHF5415.3 _b.H36 2001eb |
| 082 | 0 | 4 |
_a658.8/./015195 _221 |
| 100 | 1 | _aHanssens, Dominique M. | |
| 245 | 1 | 0 |
_aMarket response models _h[electronic resource] : _beconometric and time series analysis / _cby Dominique M. Hanssens, Leonard J. Parsons, Randall L. Schultz. |
| 250 | _a2nd ed. | ||
| 260 |
_aBoston : _bKluwer Academic, _aNorwell, Mass. : _bDistributiors for North, Central and South America, Kluwer Academic Publishers, _cc2001. |
||
| 300 |
_axiv, 516 p. : _bill. |
||
| 490 | 1 |
_aInternational series in quantitative marketing ; _v12 |
|
| 504 | _aIncludes bibliographical references (p.[427]-480) and index. | ||
| 533 |
_aElectronic reproduction. _bPalo Alto, Calif. : _cebrary, _d2009. _nAvailable via World Wide Web. _nAccess may be limited to ebrary affiliated libraries. |
||
| 650 | 0 |
_aMarket surveys _xEconometric models. |
|
| 650 | 0 |
_aSales forecasting _xEconometric models. |
|
| 650 | 0 | _aTime-series analysis. | |
| 655 | 7 |
_aElectronic books. _2local |
|
| 700 | 1 | _aParsons, Leonard J. | |
| 700 | 1 | _aSchultz, Randall L. | |
| 710 | 2 | _aebrary, Inc. | |
| 830 | 0 |
_aInternational series in quantitative marketing ; _v12. |
|
| 856 | 4 | 0 |
_uhttp://site.ebrary.com/lib/rucke/Doc?id=10053331 _zAn electronic book accessible through the World Wide Web; click to view |
| 999 |
_c66216 _d66216 |
||